| 000 | 00975nas a2200301 4500 | ||
|---|---|---|---|
| 001 | BR2010001798 | ||
| 003 | BR-BrBNA | ||
| 005 | 20231205114210.0 | ||
| 007 | ta | ||
| 008 | 230509b bl.|||p| |||| 00| 00por d | ||
| 040 |
_aBR-BrBNA _bpor _cBiblioteca Nacional de Agricultura |
||
| 041 | _a(Pt) | ||
| 072 | _aF02 | ||
| 100 | 1 | _aRocha, E.L.J. | |
| 100 | 1 | _aAzevedo, B.M. de | |
| 100 | 1 | _aMarinho, A.B. | |
| 100 | 1 | _aCarvalho, A.C.P.P. de | |
| 100 | 1 | _aVasconcelos, D.V. | |
| 100 | 1 | _aViana, T.V. de A. | |
| 245 | 1 | _aAclimatização de mudas de helicônia em ambiente protegido em função do tipo de recipiente e do volume do substrato | |
| 650 | _aHELICÔNIA | ||
| 650 | _aFLOR PARA CORTE | ||
| 650 | _aMICROPROPAGAÇÃO | ||
| 650 | _aSUBSTRATO DE CULTURA | ||
| 773 | 0 |
_tRevista Brasileira de Horticultura Ornamental (Brazil) _xISSN 1809-6093 _g(2009), v. 15(2) p. 159-163 _wBR2010001798 |
|
| 909 |
_a202311 _bLúcia _c55 _dLúcia Elande |
||
| 942 |
_2AGRIS _n0 _cANA |
||
| 999 |
_c207562 _d207562 |
||